01333 a2200181 45000010006000000050017000060080041000230030015000640400040000790800039001192450040001582640063001983000019002615050793002801000022010737000027010957000029011223029720260407155615.0260407a1966 arg spa dAR-UNSa-BCEJYS aAR-UNSa-BCEJYSbspacAR-UNSa-BCEJYS a657.6xAuditoria (control interno)10aPrincipios básicos de auditoría 1aMéxico :bCECSA (Compañia Editorial Continental)c1966 a460 p.c23 cm. a1. Auditoria y sus informes - 2. Control interno: Un programa de auditoria, iniciacion de una auditoria - 3. Papeles de trabajo de una auditoria - 4. Examen de los registros y evidencias originales - 5. Caja - 6. Cuentas y documentos por cobrar, ingresos relacionados y pérdidas por tiempo - 7. Inversiones e ingresos relacionados - 8. Inventarios y costos de ventas - 9. Pagos anticipados y gastos relacionados - 10. Activo fijo y gastos relacionados - 11. Activos intagibles - 12. Pasivo circulante - 13. Pasivos a largo plazo - 14. Capital contable - 15. Consideraciones adicionales sobre los ingresos y gastos - 16. Conclusión de una auditoria, eventos subsecuentes a los estados financieros - 17. Responsabilidades legales de los contadores profesionales, requisitos de la S.E.C.1 aHolmes, Arthur W.1 aVasseur Walls, Alfonso1 aBlanes Prieto, Joaquín